| 000 | 01816cam a2200493 4500 | ||
|---|---|---|---|
| 001 | 22190 | ||
| 003 | VRT | ||
| 005 | 20260321122928.0 | ||
| 008 | 210624s2019 xo gr 000 f slo | ||
| 015 | _aSNBA2019/03 | ||
| 020 |
_a9788055165622 _q(viazané) |
||
| 035 | _a6032CCDA-E944-4FD2-A271-C52C943026B7 | ||
| 035 | _aurn:nbn:sk:snk-am3id0h | ||
| 035 | _aurn:nbn:sk:snk-am00e3wv | ||
| 039 | 9 |
_a202112131247 _bAUTHORITY _c202112131243 _dAUTHORITY _c202112131242 _dAUTHORITY _c202106241142 _dVLOAD |
|
| 040 |
_aSNK _bslo _cSNK _erda |
||
| 041 | 1 |
_aslo _heng |
|
| 044 |
_axo _cSK |
||
| 072 | 7 |
_a821.111(73)-3 _xAmerická próza _2konspekt |
|
| 080 |
_a821.111(73)-31 _22011 |
||
| 080 |
_a(0:82-312.5) _22011 |
||
| 100 | 1 |
_aSteel, Danielle, _d1947- _4aut |
|
| 240 | 1 | 0 |
_aAgainst All Odds _lSlovensky |
| 245 | 1 | 0 |
_aNapriek všetkým nástrahám _cDanielle Steel ; preložila Adriana Sýkorčinová |
| 264 | 1 |
_aBratislava _bIkar _c2019 |
|
| 300 |
_a331 strán _c21 cm |
||
| 336 |
_atext _btxt _2rdacontent |
||
| 337 |
_abez média _bn _2rdamedia |
||
| 338 |
_azväzok _bnc _2rdacarrier |
||
| 500 | _aPreložené z angličtiny | ||
| 500 | _aObsahuje biografické údaje o autorke na prebale publikácie | ||
| 655 | 7 |
_aamerické romány _2SNKPH |
|
| 655 | 7 |
_aľúbostné romány _2SNKPH |
|
| 655 | 7 |
_aAmerican novels _2SNKPHeng |
|
| 655 | 7 |
_aLove novels _2SNKPHeng |
|
| 700 | 1 |
_aSýkorčinová, Adriana _4trl |
|
| 942 |
_2ddc _cKLDO _n0 |
||
| 949 |
_62889345855 _asavukPV 27739 _bsavuk2019/876 |
||
| 949 |
_6270001000601294 _asvkbbA 156914 _bsvkbbm 782327 |
||
| 949 |
_617A1361199 _asnkSC 183173 _bsnk2019/6776 _o635/19 _s6100:20190325 |
||
| 949 |
_617A1364158 _asnkSC 183173 D1 _bsnk2019/11533 _o635/19 |
||
| 949 |
_6273K0640826 _asvkpoA 241558 _bsvkpo634533 |
||
| 999 |
_c22190 _d22190 |
||